000 00766nam a2200253 i 4500
001 000027723
003 DO-SdBNP
005 20230906152048.0
007 ta
008 110404s1982 dr r 000 0 spa d
040 _aDO-SdBNP
_bspa
_cBNPHU
_erda
082 4 _222
100 1 _aCanario, Gil Manuel,
_954797
_eautor
245 1 0 _aInvestigación bibliográfica sobre energía solar /
_cGil Manuel Canario.
264 _aSanto Domingo :
_bInstituto Dominicano de Tecnología Industrial,
_c1982.
300 _a54 páginas ;
_c21 cm.
336 _2rdacontent
_atexto
_btxt
337 _2rdamedia
_asin mediación
_bnc
338 _2rdacarrier
_avolumen
_bn
490 _aMonografía
_v5
590 _aInventariado, 2019/BT
910 _aBtavárez
942 _2ddc
_cLF2
999 _c27215
_d27215